• 首页
  • 本馆介绍
  • 公告通知
  • 最新文献
  • 馆藏检索
  • 电子资源
  • 读者导购
  • 参考咨询
  • 我的图书馆
  • 登录
  • 详细信息显示
  • 放入我的书架
  • 预约/预借图书
  • 作者相关作品
  • 分类相关作品
  • 丛书相关作品
  • 出版社相关作品

书目信息

  • 表格格式
  • 工作单格式
  • 卡片格式
题名:
商业统计学精要
    
 
作者: 埃文斯 著 ;潘文卿 , 丁海山 译
分册:  
出版信息: 北京   中国人民大学出版社  2004
页数: 434页
开本: 22cm
丛书名: 本科经济管理译丛
单 册:
中图分类: F712.3
科图分类:
主题词: 商业统计学
电子资源:
ISBN: 7-300-05093-X
000 01254nam0 2200325 450
000 01278nam0 2200325 450
000 01209nam0 2200301 450
000 01173nam0 2200289 45
005 20070725144858.48
010    @a7-300-05093-X@dCNY38.00
100    @a20070711d2004 em y0chiy0120 ea
101 1  @achi@ceng
102    @aCN@b110000
105    @ay z 000yy
200 1  @a商业统计学精要@AShang Ye Tong Ji Xue Jing Yao@f(美)詹姆斯·R.埃文斯(James R.Evans)著@F( Mei ) Zhan Mu Si· R. Ai Wen Si (James R.Evans) Zhu@g潘文卿,丁海山译
210    @a北京@c中国人民大学出版社@d2004
215    @a434页@d22cm
225 2  @a本科经济管理译丛
300    @a博克教育
305    @a培生教育出版公司授权并合作出版
330    @a本书以数据分析的实际应用为重点,结合了统计学的基本理论知识和电子数据表的实际应用方法,涵盖了重要的统计学问题,提供了所引用例子与问题的分类数据集,列出了不同知识点下的问题和难点。
410  0 @12001 @a本科经济管理译丛
510 1  @aEssentials of Business Statistics@zeng
606 0  @a商业统计学
690    @aF712.3@v4
701  1 @c(美)@a埃文斯@AAi Wen Si@g(Evans, James R.)@4著
702  0 @a潘文卿@APan Wen Qing@4译
702  0 @a丁海山@ADing Hai Shan@4译
801  0 @aCN@bTAOJIN@c20070725
905    @a10447@dF712.3@e339
    
    商业统计学精要/(美)詹姆斯·R.埃文斯(James R.Evans)著/潘文卿,丁海山译.-北京:中国人民大学出版社,2004
    434页;22cm.-(本科经济管理译丛)
    博克教育
    
    ISBN 7-300-05093-X:CNY38.00
    本书以数据分析的实际应用为重点,结合了统计学的基本理论知识和电子数据表的实际应用方法,涵盖了重要的统计学问题,提供了所引用例子与问题的分类数据集,列出了不同知识点下的问题和难点。
●
相关链接 在E读中查询图书 在五车中查询图书 在当当中查询图书 在豆瓣中查询图书


正题名:商业统计学精要     索取号:F712.3/339         预约/预借

序号 登录号 条形码 馆藏地/架位号 状态 备注
1 0825685   208256858   第一样本阅览室/ [索取号:F712.3/339] 在馆    
2 0825686   208256867   密集书库/ [索取号:F712.3/339] 在馆    
3 0825687   208256876   密集书库/ [索取号:F712.3/339] 在馆    
4 0825688   208256885   密集书库/ [索取号:F712.3/339] 在馆    
5 0825689   208256894   第一借阅区/ [索取号:F712.3/339] 在馆    
6 0825690   208256901   第一借阅区/ [索取号:F712.3/339] 在馆    
7 0825691   208256910   第一借阅区/ [索取号:F712.3/339] 在馆    
8 0825692   208256929   第一借阅区/ [索取号:F712.3/339] 在馆    
唐山师范学院图书馆 欢迎您!
大连网信软件有限公司© 版权所有